[Event "Jesenik Rapid op"]
[Site "Jesenik"]
[Date "2023.08.18"]
[Round "6"]
[White "Ondrejka, Pavel"]
[Black "Dorazilova, Kristyna"]
[Result "1-0"]
[WhiteElo "1904"]
[BlackElo "1475"]
[PlyCount "83"]
[EventDate "2023.08.18"]
[EventType "swiss (rapid)"]
[EventRounds "9"]
[EventCountry "CZE"]
[SourceTitle "EXT 2024"]
[Source "ChessBase"]
[SourceDate "2023.10.10"]
[SourceVersion "1"]
[SourceVersionDate "2023.10.10"]
[SourceQuality "1"]

1. d4 d6 2. c4 e5 3. d5 f5 4. Nc3 Nf6 5. g3 g6 6. Bg2 Bg7 7. e4 0-0 8. Nge2 fxe4 9. Nxe4 Nxe4 10. Bxe4 Bf5 11. Nc3 Bxe4 12. Nxe4 Nd7 13. 0-0 Nf6 14. Bg5 h6 15. Bxf6 Bxf6 16. Qg4 Kg7 17. h4 h5 18. Qe2 Rf7 19. b4 Qe7 20. Rad1 Rd8 21. a4 c6 22. c5 dxc5 23. d6 Qf8 24. bxc5 b6 25. Qc4 Qe8 26. Rd3 Qd7 27. Rfd1 Rdf8 28. Rc3 Rc8 29. Rdd3 Bd8 30. Rf3 Qe8 31. Rce3 Rf5 32. Qa6 Qd7 33. Qc4 Rb8 34. Qc3 Qe6 35. Nd2 Bf6 36. Ne4 Bd8 37. Rxf5 gxf5 38. Ng5 Bxg5 39. hxg5 Kg6 40. Rxe5 Qd7 41. Re7 Qd8 42. Qf6# 1-0

[Event "Jesenik Rapid op"]
[Site "Jesenik"]
[Date "2023.08.18"]
[Round "7"]
[White "Vyvial, Vaclav"]
[Black "Ondrejka, Pavel"]
[Result "0-1"]
[WhiteElo "1496"]
[BlackElo "1904"]
[PlyCount "99"]
[EventDate "2023.08.18"]
[EventType "swiss (rapid)"]
[EventRounds "9"]
[EventCountry "CZE"]
[SourceTitle "EXT 2024"]
[Source "ChessBase"]
[SourceDate "2023.10.10"]
[SourceVersion "1"]
[SourceVersionDate "2023.10.10"]
[SourceQuality "1"]

1. e4 d6 2. Nf3 Nf6 3. Nc3 g6 4. Bc4 Bg7 5. d3 0-0 6. 0-0 c6 7. a4 e5 8. h3 Qc7 9. Bg5 Nbd7 10. Qd2 Nc5 11. Bh6 Ne6 12. Bxg7 Kxg7 13. Nh2 Rd8 14. Ne2 d5 15. exd5 cxd5 16. Bb3 Bd7 17. Qe3 Re8 18. Nf3 Nc5 19. Rac1 d4 20. Qg5 h6 21. Qg3 Rac8 22. Rfe1 Bxa4 23. Ba2 Bc6 24. h4 b5 25. Nh2 Bd5 26. Bxd5 Nxd5 27. h5 Re6 28. Ng4 Rce8 29. Kf1 Nd7 30. Ng1 Nf4 31. hxg6 Rxg6 32. Qf3 h5 33. Nxe5 Rxe5 34. Rxe5 Qxe5 35. Re1 Qg5 36. g3 Ne6 37. Nh3 Qg4 38. Qxg4 hxg4 39. Nf4 Nxf4 40. gxf4 Nf6 41. Re5 a6 42. Kg2 Rh6 43. c3 dxc3 44. bxc3 Rh5 45. f5 Rh3 46. Re3 Rxe3 47. fxe3 Nd5 48. e4 Nxc3 49. d4 Kf6 50. Kf1 0-1

[Event "Moravia-Silesia Region-chT 2223"]
[Site "Czech Republic"]
[Date "2023.04.02"]
[Round "11"]
[White "Cieslak, Wiktoria"]
[Black "Ondrejka, Pavel"]
[Result "1/2-1/2"]
[WhiteElo "1919"]
[BlackElo "1919"]
[PlyCount "71"]
[EventDate "2022.10.09"]
[EventType "team-tourn"]
[EventRounds "11"]
[EventCountry "CZE"]
[SourceTitle "EXT 2024"]
[Source "ChessBase"]
[SourceDate "2023.10.10"]
[SourceVersion "1"]
[SourceVersionDate "2023.10.10"]
[SourceQuality "1"]
[WhiteTeam "Petrovice Inter"]
[BlackTeam "Bruntal"]
[WhiteTeamCountry "CZE"]
[BlackTeamCountry "CZE"]

1. e4 d6 2. d4 g6 3. Nc3 Bg7 4. f4 Nf6 5. Nf3 0-0 6. Be3 b6 7. Qd2 c5 8. d5 a6 9. a4 Qc7 10. h3 Nbd7 11. g4 Re8 12. Bg2 Bb7 13. 0-0 Rad8 14. Rae1 e6 15. Bf2 exd5 16. exd5 Rxe1 17. Rxe1 Re8 18. b3 Nf8 19. Rxe8 Nxe8 20. Ne4 Qe7 21. Qd3 Nd7 22. c4 Nc7 23. Nfd2 Bc8 24. Bg3 Ne8 25. Qf3 Ndf6 26. Bh4 Qd7 27. Nxf6+ Nxf6 28. Ne4 Nxe4 29. Qxe4 Bd4+ 30. Kh2 Kf8 31. Bf3 Qe8 32. Kg2 f5 33. Qxe8+ Kxe8 34. Be2 Bd7 35. Kf3 Bg7 36. Bd3 1/2-1/2

[Event "Moravia-Silesia Region-chT 2223"]
[Site "Czech Republic"]
[Date "2022.11.13"]
[Round "3"]
[White "Siwek, Antonin"]
[Black "Ondrejka, Pavel"]
[Result "0-1"]
[WhiteElo "1840"]
[BlackElo "1902"]
[PlyCount "84"]
[EventDate "2022.10.09"]
[EventType "team-tourn"]
[EventRounds "11"]
[EventCountry "CZE"]
[SourceTitle "EXT 2024"]
[Source "ChessBase"]
[SourceDate "2023.10.10"]
[SourceVersion "1"]
[SourceVersionDate "2023.10.10"]
[SourceQuality "1"]
[WhiteTeam "Senov"]
[BlackTeam "Bruntal"]
[WhiteTeamCountry "CZE"]
[BlackTeamCountry "CZE"]

1. Nf3 d6 2. d4 Nf6 3. g3 g6 4. b3 Bg7 5. Bb2 0-0 6. Bg2 c6 7. 0-0 Nbd7 8. Nbd2 Qc7 9. e4 e5 10. Re1 Re8 11. dxe5 dxe5 12. Nc4 Bf8 13. Qd2 b5 14. Na5 Ba6 15. b4 c5 16. a3 Rac8 17. c3 Nb6 18. Qg5 Bg7 19. Nb3 Na4 20. Rab1 Bb7 21. Nbd2 h6 22. Qe3 a6 23. Red1 Nd7 24. Bh3 Rcd8 25. c4 Ndb6 26. cxb5 Nxb2 27. Rxb2 Nc4 28. Qb3 Nxb2 29. Qxb2 Bxe4 30. Qc1 Bxf3 31. Nxf3 Rxd1+ 32. Qxd1 cxb4 33. axb4 axb5 34. Bf1 e4 35. Nd2 Qc3 36. Qe2 e3 37. fxe3 Rxe3 38. Qg2 Bd4 39. Kh1 Re1 40. Nf3 Rb1 41. Nxd4 Qxd4 42. Qe2 Rxb4 0-1

[Event "Moravia-Silesia Region-chT 2223"]
[Site "Czech Republic"]
[Date "2022.10.09"]
[Round "1"]
[White "Ondrejka, Pavel"]
[Black "Kadlec, Pavel"]
[Result "0-1"]
[WhiteElo "1950"]
[BlackElo "1813"]
[PlyCount "108"]
[EventDate "2022.10.09"]
[EventType "team-tourn"]
[EventRounds "11"]
[EventCountry "CZE"]
[SourceTitle "EXT 2024"]
[Source "ChessBase"]
[SourceDate "2023.10.10"]
[SourceVersion "1"]
[SourceVersionDate "2023.10.10"]
[SourceQuality "1"]
[WhiteTeam "Bruntal"]
[BlackTeam "Koprivnice Tatra II"]
[WhiteTeamCountry "CZE"]
[BlackTeamCountry "CZE"]

1. d4 Nf6 2. c4 e6 3. Nc3 Bb4 4. e3 c5 5. Nf3 Nc6 6. Bd3 0-0 7. 0-0 Bxc3 8. bxc3 d6 9. e4 e5 10. Be3 b6 11. h3 Re8 12. d5 Ne7 13. Nh4 Ng6 14. Nxg6 fxg6 15. Bg5 h6 16. Bh4 g5 17. Bg3 Bd7 18. Qe2 Rf8 19. Rae1 Qe8 20. Qc2 Qg6 21. Kh1 Nh5 22. Bh2 g4 23. hxg4 Bxg4 24. f3 Bd7 25. Qf2 Rf7 26. Bb1 Raf8 27. Qh4 Nf4 28. g3 Nh5 29. f4 Nf6 30. f5 Qg4 31. Qxg4 Nxg4 32. Kg2 g6 33. Bg1 gxf5 34. Bd3 fxe4 35. Rxf7 Rxf7 36. Bxe4 Kg7 37. Bf3 Nf6 38. Be3 Bg4 39. Rf1 Bxf3+ 40. Rxf3 Ng4 41. Bd2 Rf6 42. a4 Kg6 43. Bc1 h5 44. Bd2 Rxf3 45. Kxf3 Kf5 46. Bc1 e4+ 47. Ke2 Ne5 48. Bf4 Nxc4 49. Kf2 Kg4 50. Bh6 a6 51. Bf8 b5 52. axb5 axb5 53. Be7 b4 54. cxb4 cxb4 0-1